| 000 | 00361nam a2200145Ia 4500 | ||
|---|---|---|---|
| 008 | 231217s9999 xx 000 0 und d | ||
| 041 | _aEnglish | ||
| 082 | _a808.51 MEA;2 R1 | ||
| 100 | _aMears, A G | ||
| 245 | 0 | _aRight way to speak in public | |
| 260 |
_c2006 _bJaico Publishing House, _aMumbai |
||
| 300 | _a128 | ||
| 650 | _aRight,speak | ||
| 942 | _cAA | ||
| 999 |
_c191659 _d191659 |
||